| 000 | 00747nam a22002537a 4500 | ||
|---|---|---|---|
| 005 | 20170123162329.0 | ||
| 010 | _aB-012748 | ||
| 020 | _c25.00 | ||
| 035 | _aB-012748 | ||
| 037 | _bCen Lib/Ret | ||
| 040 |
_aDPL _bUR |
||
| 082 |
_aن _bک ا ر |
||
| 100 |
_aڈیل کارنیگی _9108592 |
||
| 245 |
_aمانیں یا مانیں / _cڈیل کارنیگی |
||
| 246 |
_aManen ya mane / _bby Del Karnegi |
||
| 260 |
_bادبی دنیا _aدہلی _c2000 |
||
| 270 |
_bدہلی _aمٹیا محل _e110006 |
||
| 300 |
_a128p. _c21cm(Hb) |
||
| 650 |
_aادب -- اردو _9120674 |
||
| 650 |
_aاردو ناول _9547 |
||
| 650 |
_aLiterature --Urdu _9120675 |
||
| 650 |
_aUrdu novel _9120676 |
||
| 942 |
_2ddc _cUR _hن _mک ا ر |
||
| 999 |
_c107675 _d107675 |
||